Kingdom Hearts Keyblade Names - Statistics

General Stats
  • This quiz has been taken 377 times
  • The average score is 10 of 18
Answer Stats
Hint Answer % Correct
Starting Keyblade Kingdom Key
96%
Obtained from Kairi Oathkeeper
84%
Chest in Hollow Bastion Oblivion
84%
Synthesis Ultima Weapon
77%
Obtained in Agrabah Three Wishes
65%
Trinity in Wonderland Lady Luck
58%
Gift from Leon Lionheart
58%
Gift from Cloud Metal Chocobo
57%
Obtained in Atlantica Crab Claw
52%
Beat Coliseum Platinum Match (Final Mix) One-Winged Angel
52%
Obtained in Halloween Town Pumpkinhead
49%
Obtained in Olympus Olympia
48%
Obtained in Neverland Fairy Harp
47%
Beat Coliseum Gold Match (Final Mix) Diamond Dust
44%
Obtained from Belle Divine Rose
44%
Obtained in Deep Jungle Jungle King
43%
Gift from Merlin Spellbinder
43%
Found in Gepetto's House Wishing Star
43%
No matching quizzes found
Score Distribution
Percent of People with Each Score
Percentile by Number Answered
Your Score History
You have not taken this quiz